| 000 | 00401nam a22001337a 4500 | ||
|---|---|---|---|
| 082 |
_a940.4 _bHIS |
||
| 100 |
_aEdmonds, Sir James E _949640 |
||
| 245 | _aHistory of the great war military operations France and Belgium, 1915 | ||
| 260 |
_aLondon _bMacmillan and Co ltd _c1928 |
||
| 300 |
_a487p.: _bill,; _c15 cm. |
||
| 526 |
_a0 _b0 _c0 _d940_400000000000000_HIS |
||
| 650 |
_aMCE _9379 |
||
| 942 |
_2ddc _cBK |
||
| 999 |
_c552430 _d552430 |
||